[Event "Montigny le Bretonneux op 22nd"]
[Site "Montigny le Bretonneux"]
[Date "2018.05.13"]
[Round "8"]
[White "Trevisiol, Antoine"]
[Black "David, Frederic"]
[Result "0-1"]
[WhiteElo "1404"]
[BlackElo "1964"]
[PlyCount "24"]
[EventDate "2018.05.10"]
[EventType "swiss"]
[EventRounds "9"]
[EventCountry "FRA"]
[SourceTitle "CBM 184 Extra"]
[Source "ChessBase"]
[SourceDate "2018.06.28"]
[SourceVersion "1"]
[SourceVersionDate "2018.06.28"]
[SourceQuality "1"]

1. d4 d5 2. c4 c6 3. Nc3 Nf6 4. Nf3 e6 5. Bg5 Nbd7 6. e3 Qa5 7. Qd2 Bb4 8. cxd5 Ne4 9. Qc1 Nxc3 10. bxc3 Bxc3+ 11. Nd2 Bxa1 12. dxe6 fxe6 0-1

[Event "Montigny le Bretonneux op 22nd"]
[Site "Montigny le Bretonneux"]
[Date "2018.05.10"]
[Round "1"]
[White "David, Frederic"]
[Black "Sondermeijer, Damien"]
[Result "1-0"]
[WhiteElo "1964"]
[BlackElo "1414"]
[PlyCount "53"]
[EventDate "2018.05.10"]
[EventType "swiss"]
[EventRounds "9"]
[EventCountry "FRA"]
[SourceTitle "CBM 184 Extra"]
[Source "ChessBase"]
[SourceDate "2018.06.28"]
[SourceVersion "1"]
[SourceVersionDate "2018.06.28"]
[SourceQuality "1"]

1. e4 e6 2. d4 d5 3. e5 c5 4. c3 Nc6 5. Nf3 Qb6 6. Bd3 Bd7 7. 0-0 cxd4 8. cxd4 Nxd4 9. Nbd2 Nc6 10. Nb3 Qc7 11. Bf4 Nge7 12. Rc1 Ng6 13. Bg3 Rc8 14. h4 Qb8 15. h5 Ngxe5 16. Rxc6 Bxc6 17. Bxe5 Qa8 18. Nfd4 f6 19. Bg3 e5 20. Re1 Bb4 21. Qg4 Bd7 22. Qxg7 Rf8 23. Re2 e4 24. Nb5 Rc6 25. Bxe4 Kd8 26. Bxd5 Rc8 27. Nd6 1-0

[Event "Montigny le Bretonneux op 22nd"]
[Site "Montigny le Bretonneux"]
[Date "2018.05.10"]
[Round "2"]
[White "Sagon, Lancelot"]
[Black "David, Frederic"]
[Result "0-1"]
[WhiteElo "1479"]
[BlackElo "1964"]
[PlyCount "80"]
[EventDate "2018.05.10"]
[EventType "swiss"]
[EventRounds "9"]
[EventCountry "FRA"]
[SourceTitle "CBM 184 Extra"]
[Source "ChessBase"]
[SourceDate "2018.06.28"]
[SourceVersion "1"]
[SourceVersionDate "2018.06.28"]
[SourceQuality "1"]

1. e4 d5 2. exd5 Nf6 3. Nf3 Bg4 4. Be2 Qxd5 5. Nc3 Qf5 6. d4 Nc6 7. a3 0-0-0 8. Be3 e5 9. d5 Ne7 10. Bxa7 Nexd5 11. Nxd5 Rxd5 12. Qc1 Be7 13. Be3 Qh5 14. c4 Rd7 15. Qc2 e4 16. Nd4 Bxe2 17. Nxe2 Qa5+ 18. Nc3 Bc5 19. 0-0 Bxe3 20. fxe3 Qa7 21. Rfe1 Re8 22. Nb5 Qb6 23. Qa4 Kb8 24. b4 c6 25. Nd4 Rxd4 26. exd4 Qxd4+ 27. Kh1 Ng4 28. h3 Nf2+ 29. Kh2 Qe5+ 30. Kg1 Nxh3+ 31. gxh3 Qg3+ 32. Kh1 Qxh3+ 33. Kg1 Qg3+ 34. Kf1 Qf3+ 35. Kg1 Qg3+ 36. Kf1 Qf3+ 37. Kg1 Re6 38. Qc2 Rg6+ 39. Kh2 Rh6+ 40. Kg1 Rh1# 0-1

[Event "Montigny Autumn-A 16th"]
[Site "Montigny le Bretonneux"]
[Date "2017.10.29"]
[Round "9"]
[White "Daurelle, Herve"]
[Black "David, Frederic"]
[Result "1-0"]
[WhiteElo "2180"]
[BlackElo "1955"]
[PlyCount "61"]
[EventDate "2017.10.21"]
[EventType "tourn"]
[EventRounds "9"]
[EventCountry "FRA"]
[SourceTitle "EXT 2019"]
[Source "ChessBase"]
[SourceDate "2018.10.10"]
[SourceVersion "1"]
[SourceVersionDate "2018.10.10"]
[SourceQuality "1"]

1. e4 d5 2. exd5 Nf6 3. d4 Bg4 4. Bb5+ Nbd7 5. f3 Bf5 6. Nc3 a6 7. Ba4 b5 8. Bb3 Nb6 9. g4 Bg6 10. a4 Nbxd5 11. Nxd5 Nxd5 12. Qe2 e6 13. axb5 Bb4+ 14. Kf1 0-0 15. bxa6 h5 16. g5 Bf5 17. h4 Bd6 18. Nh3 c5 19. dxc5 Bxc5 20. Nf4 Nxf4 21. Bxf4 Qb6 22. Kg2 f6 23. Rhe1 fxg5 24. Bxg5 Kh8 25. Be3 Bxe3 26. Qxe3 Qb7 27. Ra4 Qb5 28. Qe5 Qc6 29. Rf4 Rf6 30. a7 Rg6+ 31. Kh2 1-0

[Event "Montigny Autumn-A 16th"]
[Site "Montigny le Bretonneux"]
[Date "2017.10.28"]
[Round "8"]
[White "David, Frederic"]
[Black "O'Sullivan, Thomas"]
[Result "0-1"]
[WhiteElo "1955"]
[BlackElo "2222"]
[PlyCount "66"]
[EventDate "2017.10.21"]
[EventType "tourn"]
[EventRounds "9"]
[EventCountry "FRA"]
[SourceTitle "EXT 2019"]
[Source "ChessBase"]
[SourceDate "2018.10.10"]
[SourceVersion "1"]
[SourceVersionDate "2018.10.10"]
[SourceQuality "1"]

1. Nf3 c5 2. c4 Nc6 3. g3 g6 4. Bg2 Bg7 5. 0-0 e6 6. e3 Nge7 7. d4 0-0 8. Nc3 b6 9. b3 Ba6 10. Re1 Rc8 11. Bb2 cxd4 12. Nxd4 Nxd4 13. exd4 d6 14. d5 e5 15. a4 Rb8 16. Ba3 f5 17. Ra2 g5 18. Qd2 Ng6 19. Nb5 Bxb5 20. axb5 Rf7 21. Qb4 Bf8 22. Bb2 e4 23. f3 Ne5 24. fxe4 f4 25. gxf4 gxf4 26. Bh3 Nf3+ 27. Kh1 Qh4 28. Qc3 Qxe1+ 29. Qxe1 Nxe1 30. Bc3 Nd3 31. Be6 Bg7 32. Rg2 Ne5 33. Bxe5 dxe5 0-1

[Event "Montigny Autumn-A 16th"]
[Site "Montigny le Bretonneux"]
[Date "2017.10.24"]
[Round "4"]
[White "David, Frederic"]
[Black "Legrand, Stephane"]
[Result "0-1"]
[WhiteElo "1955"]
[BlackElo "2086"]
[PlyCount "60"]
[EventDate "2017.10.21"]
[EventType "tourn"]
[EventRounds "9"]
[EventCountry "FRA"]
[SourceTitle "EXT 2019"]
[Source "ChessBase"]
[SourceDate "2018.10.10"]
[SourceVersion "1"]
[SourceVersionDate "2018.10.10"]
[SourceQuality "1"]

1. d4 Nf6 2. Nf3 e6 3. g3 d5 4. Bg2 Be7 5. c4 0-0 6. 0-0 dxc4 7. Qa4 a6 8. Qxc4 b5 9. Qc2 Bb7 10. Bd2 Be4 11. Qc1 Ra7 12. Rd1 Nbd7 13. a4 b4 14. Be1 Qa8 15. Nbd2 Bd5 16. Nc4 c5 17. Ne3 Be4 18. Ne5 Bxg2 19. Nxg2 Nxe5 20. dxe5 Nd7 21. f4 Rc8 22. b3 c4 23. bxc4 Rac7 24. Ne3 Nb6 25. Bf2 Nxc4 26. Qb1 Na3 27. Qd3 Qb7 28. Qb3 Qe4 29. Nf1 Rc3 30. Nd2 Qxe2 0-1

[Event "Montigny le Bretonneux-A 15th"]
[Site "Montigny le Bretonneux"]
[Date "2016.10.23"]
[Round "2.5"]
[White "David, Frederic"]
[Black "Forissier, Nicolas"]
[Result "1/2-1/2"]
[WhiteElo "1961"]
[BlackElo "1904"]
[PlyCount "47"]
[EventDate "2016.10.22"]
[EventType "tourn"]
[EventRounds "9"]
[EventCountry "FRA"]
[SourceTitle "EXT 2024"]
[Source "ChessBase"]
[SourceDate "2023.10.10"]
[SourceVersion "1"]
[SourceVersionDate "2023.10.10"]
[SourceQuality "1"]

1. d4 Nf6 2. c4 g6 3. Nf3 d5 4. Nc3 Bg7 5. cxd5 Nxd5 6. e4 Nxc3 7. bxc3 c5 8. Be2 Nc6 9. Be3 cxd4 10. cxd4 0-0 11. 0-0 Bg4 12. d5 Ne5 13. Nxe5 Bxe2 14. Qxe2 Bxe5 15. Rab1 Qd7 16. Rfd1 Rfc8 17. Bd4 Bxd4 18. Rxd4 b5 19. Rbd1 Rc5 20. e5 Rd8 21. Qe4 Qf5 22. Qxf5 gxf5 23. f4 Kf8 24. a4 1/2-1/2

[Event "Montigny le Bretonneux Noel op 16th"]
[Site "Montigny le Bretonneux"]
[Date "2015.12.30"]
[Round "7"]
[White "Saugrain, Jean Maxime"]
[Black "David, Frederic"]
[Result "0-1"]
[WhiteElo "1813"]
[BlackElo "1935"]
[PlyCount "134"]
[EventDate "2015.12.27"]
[EventType "swiss"]
[EventRounds "7"]
[EventCountry "FRA"]
[SourceTitle "CBM 170 Extra"]
[Source "ChessBase"]
[SourceDate "2016.02.25"]
[SourceVersion "1"]
[SourceVersionDate "2016.02.25"]
[SourceQuality "1"]

1. c4 c6 2. d4 d5 3. Nc3 Nf6 4. cxd5 cxd5 5. Bg5 Ne4 6. Nxe4 dxe4 7. f3 Qd5 8. Qc1 Nc6 9. Be3 Nxd4 10. Bxd4 Qxd4 11. e3 Qb6 12. a3 exf3 13. Nxf3 e6 14. Nd4 Bd7 15. b4 Be7 16. Nf3 0-0 17. Be2 Bb5 18. Bxb5 Qxb5 19. Kf2 Rac8 20. Qb1 Bf6 21. Ra2 Rc3 22. Rc1 Rfc8 23. Rxc3 Rxc3 24. a4 Qc4 25. Re2 Rc1 26. Qa2 Qxa2 27. Rxa2 Kf8 28. b5 Ke8 29. Nd4 Bxd4 30. exd4 Kd7 31. Ke3 Kd6 32. Rf2 f6 33. Ra2 Kd5 34. Kd3 Rd1+ 35. Ke3 Rc1 36. a5 Rb1 37. Rc2 Rb3+ 38. Ke2 Rxb5 39. Rc7 g5 40. Rxh7 Rxa5 41. Rxb7 Kxd4 42. Rb4+ Ke5 43. h4 gxh4 44. Rxh4 Ra2+ 45. Kf3 Ra3+ 46. Kf2 a5 47. Rh5+ Kf4 48. Rh4+ Kg5 49. Rh8 Ra2+ 50. Kf3 Ra3+ 51. Kf2 e5 52. Rg8+ Kf5 53. Rg7 Ra2+ 54. Kf3 Ra3+ 55. Kf2 a4 56. Ke2 Kf4 57. Kd2 Rg3 58. Ra7 Rxg2+ 59. Kc1 Ra2 60. Kb1 Ra3 61. Kb2 Rb3+ 62. Kc2 Rb4 63. Kc3 Rd4 64. Ra6 f5 65. Rf6 Rd8 66. Kb4 Ra8 67. Ka3 Ke4 0-1

[Event "Montigny le Bretonneux Noel op 16th"]
[Site "Montigny le Bretonneux"]
[Date "2015.12.28"]
[Round "3"]
[White "Jakubowski, Richard"]
[Black "David, Frederic"]
[Result "0-1"]
[WhiteElo "1890"]
[BlackElo "1935"]
[PlyCount "68"]
[EventDate "2015.12.27"]
[EventType "swiss"]
[EventRounds "7"]
[EventCountry "FRA"]
[SourceTitle "CBM 170 Extra"]
[Source "ChessBase"]
[SourceDate "2016.02.25"]
[SourceVersion "1"]
[SourceVersionDate "2016.02.25"]
[SourceQuality "1"]

1. e4 c5 2. Nf3 g6 3. Bc4 Bg7 4. c3 d6 5. 0-0 Nf6 6. d3 0-0 7. Bg5 Nc6 8. Nbd2 Rb8 9. a3 b5 10. Ba2 Nd7 11. Rb1 a5 12. Re1 b4 13. axb4 axb4 14. c4 Nde5 15. Nxe5 Nxe5 16. Nf1 Nc6 17. Bb3 Bd7 18. Ba4 Ra8 19. b3 Nd4 20. Bxd7 Qxd7 21. Be3 Ra2 22. Nd2 Rfa8 23. Nf3 Nc2 24. Re2 Nxe3 25. Rxe3 Bc3 26. Re2 Ra1 27. Re1 Rxb1 28. Qxb1 Bxe1 29. Nxe1 Qa7 30. Kf1 Qa2 31. Qc2 Qa1 32. Qe2 Qc3 33. Qc2 Qe5 34. Nf3 Qa1+ 0-1

[Event "Montigny le Bretonneux Noel op 16th"]
[Site "Montigny le Bretonneux"]
[Date "2015.12.27"]
[Round "2"]
[White "David, Frederic"]
[Black "Fayolle, Guy"]
[Result "1/2-1/2"]
[WhiteElo "1935"]
[BlackElo "1706"]
[PlyCount "75"]
[EventDate "2015.12.27"]
[EventType "swiss"]
[EventRounds "7"]
[EventCountry "FRA"]
[SourceTitle "CBM 170 Extra"]
[Source "ChessBase"]
[SourceDate "2016.02.25"]
[SourceVersion "1"]
[SourceVersionDate "2016.02.25"]
[SourceQuality "1"]

1. d4 Nf6 2. Nf3 g6 3. g3 Bg7 4. Bg2 0-0 5. 0-0 d6 6. c4 c6 7. Nc3 Nbd7 8. e4 e5 9. h3 Re8 10. Re1 a5 11. Qc2 Nh5 12. Be3 Rb8 13. Rad1 Qe7 14. Re2 b5 15. d5 bxc4 16. dxc6 Ndf6 17. Qa4 Qc7 18. Nd5 Nxd5 19. Rxd5 Ra8 20. Bd2 Ra6 21. Bxa5 Qxc6 22. Qxc6 Rxc6 23. Red2 Bf8 24. Ne1 Nf6 25. Rb5 Nd7 26. Bb4 Ba6 27. Rbd5 Nf6 28. Ra5 Rb8 29. Nc2 Be7 30. Bc3 Rcb6 31. Ne3 Rc8 32. Ra4 Bb7 33. Rxc4 Rxc4 34. Nxc4 Ra6 35. Bb4 Bxe4 36. f3 Bd5 37. Nxe5 Rxa2 38. Ng4 1/2-1/2

[Event "Montigny le Bretonneux Noel op 16th"]
[Site "Montigny le Bretonneux"]
[Date "2015.12.27"]
[Round "1"]
[White "Saugrain, Marc Antoine"]
[Black "David, Frederic"]
[Result "0-1"]
[WhiteElo "1573"]
[BlackElo "1935"]
[PlyCount "70"]
[EventDate "2015.12.27"]
[EventType "swiss"]
[EventRounds "7"]
[EventCountry "FRA"]
[SourceTitle "CBM 170 Extra"]
[Source "ChessBase"]
[SourceDate "2016.02.25"]
[SourceVersion "1"]
[SourceVersionDate "2016.02.25"]
[SourceQuality "1"]

1. e4 d5 2. exd5 Nf6 3. d4 Bg4 4. Be2 Bxe2 5. Nxe2 Qxd5 6. 0-0 Nc6 7. Nbc3 Qh5 8. Ng3 Qxd1 9. Rxd1 0-0-0 10. Be3 e6 11. h3 Be7 12. Nge4 Nb4 13. Rd2 h6 14. f3 Nfd5 15. Nxd5 Nxd5 16. Bf2 Rd7 17. a3 Rhd8 18. Ng3 Bg5 19. Rd3 Nf4 20. Rdd1 c5 21. c3 e5 22. Ne4 cxd4 23. Nxg5 hxg5 24. cxd4 Ne2+ 25. Kf1 Nxd4 26. Rac1+ Nc6 27. Rxd7 Kxd7 28. b4 a6 29. h4 gxh4 30. Bxh4 f6 31. Rd1+ Ke6 32. Rxd8 Nxd8 33. Ke2 Kd5 34. Kd3 Ne6 35. Bg3 g5 0-1

[Event "Montigny le Bretonneux-A 14th"]
[Site "Montigny le Bretonneux"]
[Date "2015.10.25"]
[Round "9.4"]
[White "Divies, Renaud"]
[Black "David, Frederic"]
[Result "1-0"]
[WhiteElo "2070"]
[BlackElo "1942"]
[PlyCount "115"]
[EventDate "2015.10.17"]
[EventType "tourn"]
[EventRounds "9"]
[EventCountry "FRA"]
[SourceTitle "EXT 2024"]
[Source "ChessBase"]
[SourceDate "2023.10.10"]
[SourceVersion "1"]
[SourceVersionDate "2023.10.10"]
[SourceQuality "1"]

1. e4 c5 2. Nc3 g6 3. g3 Bg7 4. Bg2 Nc6 5. f4 d6 6. Bh3 e6 7. Nf3 Nge7 8. 0-0 0-0 9. g4 Nd4 10. Ne2 Nxf3+ 11. Rxf3 d5 12. e5 f6 13. exf6 Bxf6 14. d4 b6 15. Be3 Qd6 16. c3 Bd7 17. Qd2 Nc6 18. Re1 cxd4 19. Nxd4 Nxd4 20. Bxd4 Bxd4+ 21. cxd4 Rf7 22. Re5 Raf8 23. Bf1 Qc7 24. Bd3 Rc8 25. Rf1 Qd8 26. Qe1 Qf6 27. Kg2 Rcf8 28. Kg3 Qg7 29. h4 Qh6 30. Rg5 Qg7 31. Qe3 Rf6 32. h5 Be8 33. hxg6 hxg6 34. Re5 Bd7 35. Rf2 a5 36. a3 b5 37. b4 axb4 38. axb4 Re8 39. g5 Rf7 40. Rh2 Ref8 41. Rh6 Rf6 42. Qc1 Rc8 43. Qh1 Rc3 44. Re3 Rf5 45. Rf3 e5 46. dxe5 Rxg5+ 47. fxg5 Qxe5+ 48. Kf2 Qd4+ 49. Ke2 Qe5+ 50. Re3 Bg4+ 51. Kd2 Rxd3+ 52. Rxd3 Qb2+ 53. Ke3 d4+ 54. Kf4 Qf2+ 55. Kxg4 Qf5+ 56. Kh4 Qf4+ 57. Kh3 Qf5+ 58. Kh2 1-0

[Event "Montigny le Bretonneux-A 14th"]
[Site "Montigny le Bretonneux"]
[Date "2015.10.22"]
[Round "6.2"]
[White "Forissier, Nicolas"]
[Black "David, Frederic"]
[Result "1/2-1/2"]
[WhiteElo "1979"]
[BlackElo "1942"]
[PlyCount "37"]
[EventDate "2015.10.17"]
[EventType "tourn"]
[EventRounds "9"]
[EventCountry "FRA"]
[SourceTitle "EXT 2024"]
[Source "ChessBase"]
[SourceDate "2023.10.10"]
[SourceVersion "1"]
[SourceVersionDate "2023.10.10"]
[SourceQuality "1"]

1. d4 d5 2. c4 e6 3. Nc3 Be7 4. Nf3 Nf6 5. e3 0-0 6. Bd3 c5 7. 0-0 Nc6 8. b3 Qc7 9. cxd5 exd5 10. Ba3 Qa5 11. Qc1 Bg4 12. Ne5 cxd4 13. Nxc6 Qxa3 14. Nxd4 Qa5 15. a3 Rac8 16. b4 Qc7 17. Nce2 Qe5 18. Qb2 Bd6 19. g3 1/2-1/2

[Event "Montigny le Bretonneux-A 14th"]
[Site "Montigny le Bretonneux"]
[Date "2015.10.17"]
[Round "1.2"]
[White "David, Frederic"]
[Black "Daurelle, Herve"]
[Result "0-1"]
[WhiteElo "1942"]
[BlackElo "2157"]
[PlyCount "74"]
[EventDate "2015.10.17"]
[EventType "tourn"]
[EventRounds "9"]
[EventCountry "FRA"]
[SourceTitle "EXT 2024"]
[Source "ChessBase"]
[SourceDate "2023.10.10"]
[SourceVersion "1"]
[SourceVersionDate "2023.10.10"]
[SourceQuality "1"]

1. d4 Nf6 2. Nf3 e6 3. g3 c5 4. Bg2 cxd4 5. Nxd4 d5 6. 0-0 e5 7. Nb5 a6 8. N5c3 d4 9. Ne4 Be7 10. c3 0-0 11. cxd4 exd4 12. Nbd2 Nc6 13. Nb3 Re8 14. Ng5 Bg4 15. Nf3 Bxf3 16. Bxf3 Bf8 17. Bg5 h6 18. Bxf6 Qxf6 19. Rc1 Rad8 20. Bxc6 bxc6 21. Qd3 Qe5 22. Rc2 c5 23. Qc4 g6 24. Nc1 h5 25. Nd3 Qe4 26. Re1 h4 27. f3 Qe3+ 28. Kg2 Bd6 29. Nf2 Kg7 30. Ng4 Qg5 31. gxh4 Qxh4 32. Qxa6 f5 33. Nf2 Qxh2+ 34. Kf1 Bg3 35. Qb7+ Kf8 36. e4 dxe3 37. Ng4 e2+ 0-1

[Event "Montigny le Bretonneux op 13th"]
[Site "Montigny le Bretonneux"]
[Date "2014.10.26"]
[Round "9"]
[White "Fruchard, Cyrille"]
[Black "David, Frederic"]
[Result "1-0"]
[WhiteElo "2011"]
[BlackElo "2043"]
[PlyCount "81"]
[EventDate "2014.10.18"]
[EventType "swiss"]
[EventRounds "9"]
[EventCountry "FRA"]
[SourceTitle "EXT 2016"]
[Source "ChessBase"]
[SourceDate "2015.10.08"]
[SourceVersion "1"]
[SourceVersionDate "2015.10.08"]
[SourceQuality "1"]

1. d4 g6 2. c4 Bg7 3. Nc3 c5 4. d5 Bxc3+ 5. bxc3 f5 6. Nf3 Nf6 7. Bh6 Qa5 8. Qc2 d6 9. e3 Ne4 10. Bd3 Nd7 11. Bxe4 fxe4 12. Nd2 Ne5 13. 0-0 Nf7 14. Bf4 g5 15. Bg3 h5 16. h4 Rg8 17. Nxe4 gxh4 18. Bxh4 Rg4 19. Bg3 h4 20. Bf4 Bd7 21. g3 0-0-0 22. f3 Rg7 23. g4 Bf5 24. Kf2 Rdg8 25. a4 Bxe4 26. Qxe4 Qxc3 27. Rfc1 Qd2+ 28. Kf1 h3 29. Qc2 Qa5 30. Rcb1 h2 31. Bxh2 Ng5 32. Rb5 Qd8 33. Kg2 Qf8 34. Bf4 Nxf3 35. Kxf3 Rxg4 36. Qe4 Rg3+ 37. Ke2 Qg7 38. Qe6+ Kd8 39. Bxg3 Qxg3 40. Rxb7 Qh2+ 41. Kd3 1-0

[Event "Montigny le Bretonneux op 13th"]
[Site "Montigny le Bretonneux"]
[Date "2014.10.25"]
[Round "8"]
[White "David, Frederic"]
[Black "Forissier, Nicolas"]
[Result "0-1"]
[WhiteElo "2043"]
[BlackElo "1929"]
[PlyCount "66"]
[EventDate "2014.10.18"]
[EventType "swiss"]
[EventRounds "9"]
[EventCountry "FRA"]
[SourceTitle "EXT 2016"]
[Source "ChessBase"]
[SourceDate "2015.10.08"]
[SourceVersion "1"]
[SourceVersionDate "2015.10.08"]
[SourceQuality "1"]

1. e4 e5 2. Nf3 Nc6 3. Bb5 a6 4. Ba4 Nf6 5. 0-0 b5 6. Bb3 Be7 7. a3 Nxe4 8. Re1 d5 9. Nc3 Nxc3 10. dxc3 Be6 11. Nxe5 Nxe5 12. Rxe5 c6 13. Re1 0-0 14. Bf4 Bc5 15. Qd2 Qh4 16. Re5 Qf6 17. Rg5 Bf5 18. Rg3 Rfe8 19. Be3 Bxe3 20. Rxe3 Re6 21. a4 Rae8 22. axb5 Rxe3 23. fxe3 axb5 24. Ra6 Be4 25. Qf2 Qg6 26. g3 h6 27. Ra7 Re6 28. Ra8+ Kh7 29. Ra1 Rf6 30. Qd2 Qg4 31. Rf1 Rf3 32. Qe1 h5 33. Qe2 Rxg3+ 0-1

[Event "FRA-ch op-A"]
[Site "Pau"]
[Date "2008.08.19"]
[Round "7"]
[White "David, Frederic"]
[Black "Couche, Jean Francois"]
[Result "1/2-1/2"]
[WhiteElo "2054"]
[BlackElo "2105"]
[PlyCount "125"]
[EventDate "2008.08.11"]
[EventType "swiss"]
[EventRounds "9"]
[EventCountry "FRA"]
[SourceTitle "CBM 126 Extra"]
[Source "ChessBase"]
[SourceDate "2008.11.05"]
[SourceVersion "1"]
[SourceVersionDate "2008.11.05"]
[SourceQuality "1"]

1. e4 c5 2. Nc3 Nc6 3. f4 g6 4. Nf3 Bg7 5. Bb5 Nd4 6. 0-0 Nxb5 7. Nxb5 d5 8. e5 a6 9. Nc3 Bg4 10. d4 c4 11. h3 Bxf3 12. Qxf3 e6 13. f5 gxf5 14. Qh5 Qb6 15. Be3 Ne7 16. Na4 Qc6 17. b3 Ng6 18. g4 fxg4 19. hxg4 b6 20. Rf2 Ra7 21. Raf1 Rd7 22. c3 Rc7 23. Bg5 Qb7 24. Bf6 Bxf6 25. Rxf6 Kd8 26. Qh6 Re8 27. Qxh7 Nh8 28. b4 Kc8 29. Qg7 Kb8 30. Kg2 Ka7 31. Rh1 Qb8 32. Rfh6 Ng6 33. Qf6 Rg8 34. Rh7 Qe8 35. Nb2 Nf8 36. Kf3 Nxh7 37. Rxh7 Rg6 38. Qf4 Qg8 39. Rh5 Qg7 40. g5 Rc8 41. Nd1 Ka8 42. Nf2 Rg8 43. Nh3 Rh8 44. Rxh8+ Qxh8 45. Kg4 Qh7 46. Nf2 Rg8 47. Qf6 Rh8 48. Qe7 Qf5+ 49. Kg3 Qc2 50. Qxf7 Qxc3+ 51. Kg2 Qxd4 52. Qxe6 Rb8 53. g6 Rb7 54. Qc8+ Ka7 55. Qxb7+ Kxb7 56. g7 Qxe5 57. g8Q Kc6 58. a4 a5 59. Qc8+ Kd6 60. Qd8+ Kc6 61. Qc8+ Kd6 62. Qd8+ Kc6 63. Qc8+ 1/2-1/2

[Event "FRA-ch op-A"]
[Site "Pau"]
[Date "2008.08.15"]
[Round "4"]
[White "Garro, Pierre"]
[Black "David, Frederic"]
[Result "1/2-1/2"]
[WhiteElo "2140"]
[BlackElo "2054"]
[PlyCount "177"]
[EventDate "2008.08.11"]
[EventType "swiss"]
[EventRounds "9"]
[EventCountry "FRA"]
[SourceTitle "CBM 126 Extra"]
[Source "ChessBase"]
[SourceDate "2008.11.05"]
[SourceVersion "1"]
[SourceVersionDate "2008.11.05"]
[SourceQuality "1"]

1. e4 d5 2. exd5 Nf6 3. d4 Bg4 4. Bb5+ Nbd7 5. f3 Bf5 6. c4 a6 7. Ba4 e6 8. dxe6 Bxe6 9. d5 Bf5 10. Nc3 Bb4 11. Nge2 0-0 12. Bc2 Bxc2 13. Qxc2 b5 14. Bg5 bxc4 15. 0-0-0 h6 16. h4 Bxc3 17. Nxc3 Ne5 18. Qf5 Nd3+ 19. Kb1 Qd7 20. Qxd7 Nxd7 21. Be3 Rfe8 22. Bd4 Rab8 23. Rd2 Re7 24. h5 Rbe8 25. Ne4 Nb4 26. Bc3 Nd3 27. g4 Rb8 28. Rg2 Nf4 29. Rd2 Nd3 30. a3 Nb6 31. d6 cxd6 32. Nxd6 Rd7 33. Nf5 f6 34. Ka2 Nd5 35. Bd4 Rdb7 36. Rhh2 Nc1+ 37. Kb1 Nb3 38. Rc2 Nxd4 39. Nxd4 c3 40. b3 Rb6 41. Rce2 Kf7 42. Kc2 Rc8 43. Re4 Rcb8 44. Rhe2 a5 45. Re6 Nf4 46. Rxb6 Rxb6 47. Re4 Nd5 48. Nf5 Kf8 49. Ne3 Nc7 50. Kxc3 Nb5+ 51. Kb2 Rd6 52. a4 Na7 53. Nf5 Rd2+ 54. Kc3 Rd8 55. Rd4 Rb8 56. Rc4 Nc8 57. Rc5 Ra8 58. Rc6 Ne7 59. Nxe7 Kxe7 60. Rc7+ Kf8 61. b4 axb4+ 62. Kxb4 Rb8+ 63. Kc4 Rb1 64. Kd5 Ra1 65. Ke6 Kg8 66. Rc8+ Kh7 67. Rc4 Ra3 68. Rf4 Rd3 69. Ke7 Rd2 70. a5 Ra2 71. Rf5 Rd2 72. Rb5 Rd3 73. a6 Ra3 74. Rb6 Rxf3 75. a7 Ra3 76. Rb7 Ra4 77. Kf8 Ra6 78. Rc7 Ra4 79. Rxg7+ Kh8 80. Rg6 Kh7 81. Rxf6 Rxa7 82. Rf7+ Kh8 83. Re7 Ra1 84. Re6 Rf1+ 85. Ke7 Rg1 86. Rxh6+ Kg7 87. Re6 Rxg4 88. h6+ Kh7 89. Rf6 1/2-1/2

[Event "FRA-ch op-A"]
[Site "Pau"]
[Date "2008.08.14"]
[Round "3"]
[White "Buscara, Sevan"]
[Black "David, Frederic"]
[Result "1-0"]
[WhiteElo "2159"]
[BlackElo "2054"]
[PlyCount "69"]
[EventDate "2008.08.11"]
[EventType "swiss"]
[EventRounds "9"]
[EventCountry "FRA"]
[SourceTitle "CBM 126 Extra"]
[Source "ChessBase"]
[SourceDate "2008.11.05"]
[SourceVersion "1"]
[SourceVersionDate "2008.11.05"]
[SourceQuality "1"]

1. d4 Nf6 2. Nf3 b6 3. Bf4 Bb7 4. e3 e6 5. Nbd2 Be7 6. Bd3 Nh5 7. Bg3 d6 8. Qe2 Nd7 9. 0-0-0 a6 10. c3 c5 11. e4 cxd4 12. cxd4 h6 13. Kb1 b5 14. Nb3 Qb6 15. Rc1 0-0 16. Nfd2 Nxg3 17. hxg3 Rfc8 18. Rxc8+ Rxc8 19. f4 e5 20. Nf3 Bf6 21. Nh4 Bxh4 22. Rxh4 Nf6 23. Rh1 Re8 24. fxe5 dxe5 25. d5 Rc8 26. g4 Nh7 27. Rf1 Ng5 28. a3 f6 29. Qd2 Nf7 30. Rc1 Nd6 31. Rxc8+ Nxc8 32. Qc3 Nd6 33. Na5 Kf8 34. b4 Ke7 35. Qc5 1-0

[Event "FRA-ch op-A"]
[Site "Pau"]
[Date "2008.08.13"]
[Round "2"]
[White "David, Frederic"]
[Black "Renaudin, Mathieu"]
[Result "1-0"]
[WhiteElo "2054"]
[BlackElo "2146"]
[PlyCount "75"]
[EventDate "2008.08.11"]
[EventType "swiss"]
[EventRounds "9"]
[EventCountry "FRA"]
[SourceTitle "CBM 126 Extra"]
[Source "ChessBase"]
[SourceDate "2008.11.05"]
[SourceVersion "1"]
[SourceVersionDate "2008.11.05"]
[SourceQuality "1"]

1. e4 e6 2. d4 d5 3. e5 c5 4. c3 Nc6 5. Nf3 Qb6 6. Be2 f6 7. 0-0 fxe5 8. dxe5 g6 9. Bd3 Bg7 10. Re1 Nge7 11. Nbd2 0-0 12. c4 Qc7 13. Qe2 b6 14. a3 Nf5 15. Nb3 Bd7 16. Bg5 Rae8 17. Rad1 a5 18. Na1 Ncd4 19. Nxd4 Nxd4 20. Qe3 dxc4 21. Bxc4 Bc6 22. Rd2 Qb7 23. f4 h6 24. Bh4 Qf7 25. Bg3 h5 26. Rf1 Bh6 27. Nc2 Nf5 28. Qb3 b5 29. Bxb5 Rb8 30. a4 h4 31. Be1 Bd5 32. Qc3 Qa7 33. Bf2 Bxf4 34. Rxd5 Rxb5 35. axb5 exd5 36. Bxc5 Bxe5 37. Bxa7 d4 38. Qc7 1-0